На двох трибунах (Запис № 403942)

МАРК-запис
000 -LEADER
fixed length control field 00761nam a22002537a 4500
001 - CONTROL NUMBER
control field 117899
003 - CONTROL NUMBER IDENTIFIER
control field UA-OsUOA
005 - DATE AND TIME OF LATEST TRANSACTION
control field 20210711232403.0
007 - PHYSICAL DESCRIPTION FIXED FIELD--GENERAL INFORMATION
fixed length control field ta
008 - FIXED-LENGTH DATA ELEMENTS--GENERAL INFORMATION
fixed length control field 20160623b un ||||| |||| 00| 0 ukr d
040 ## - CATALOGING SOURCE
Original cataloging agency UA-OsUOA
Language of cataloging ukr
Transcribing agency UA-OsUOA
Modifying agency UA-OsUOA
041 ## - LANGUAGE CODE
Language code of text/sound track or separate title ukr
080 ## - UNIVERSAL DECIMAL CLASSIFICATION NUMBER
Universal Decimal Classification number 821.161.2
090 ## - LOCALLY ASSIGNED LC-TYPE CALL NUMBER (OCLC); LOCAL CALL NUMBER (OCLC)
Classification number (OCLC) (R) ; Classification number, CALL (RLIN) (NR) 821.161.2
Local cutter number (OCLC) ; Book number/undivided call number, CALL (RLIN) Г14
100 ## - MAIN ENTRY--PERSONAL NAME
Personal name Гак А.
245 ## - TITLE STATEMENT
Title На двох трибунах
Remainder of title оповідання та фейлетони
260 ## - PUBLICATION, DISTRIBUTION, ETC. (IMPRINT)
Place of publication, distribution, etc Новий Ульм
Name of publisher, distributor, etc Україна
Date of publication, distribution, etc 1966
300 ## - PHYSICAL DESCRIPTION
Extent 318 с.
591 ## - Дарувальник
Назва організації Родина Лисиків
650 #7 - SUBJECT ADDED ENTRY--TOPICAL TERM
Topical term or geographic name as entry element 82 Література. Літературознавство
Source of heading or term UDC
942 ## - ADDED ENTRY ELEMENTS (KOHA)
Koha item type Книги
Source of classification or shelving scheme Universal Decimal Classification
955 ## - COPY-LEVEL INFORMATION (RLIN)
Classification number, CCAL (RLIN) Літературно-художні видання
Фонди
Withdrawn status Lost status Source of classification or shelving scheme Damaged status Not for loan Home library Current library Date acquired Source of acquisition Cost, normal purchase price Inventory number Total Checkouts Full call number Barcode Date last seen Price effective from Koha item type
Withdrawn   Universal Decimal Classification     АБ - Абонемент НБ АБ - Абонемент НБ 23/06/2016 29/2016 18.00 151551   821.161.2 Г14 151551 13/07/2019 23/06/2016 Книги
    Universal Decimal Classification     Наукова бібліотека ІДУД Наукова бібліотека ІДУД 09/12/2015 327/2015 1.00 2138992   82-3 Г14 2138992 15/09/2019 09/12/2015 Книги